000
00337nam a22001457a 4500
008
221212b ||||| |||| 00| 0 eng d
020
_a
9781319071240
041
_a
eng
080
_2
FOURTH EDITION
_a
82
082
_a
82GRE
100
_a
38.1
101
_a
GJUH
245
_a
FROM INQUIRY ACADEMIC WRITING
_c
GREENE S
942
_2
udc
_c
BK
999
_c
59169
_d
59169